[Event "Turin Piemonte op 9th"]
[Site "Turin"]
[Date "2009.09.20"]
[Round "4"]
[White "Ravazzolo, Gildo"]
[Black "Nigrelli, Vittorio"]
[Result "0-1"]
[WhiteElo "1692"]
[BlackElo "1473"]
[PlyCount "68"]
[EventDate "2009.09.18"]
[EventType "swiss"]
[EventRounds "5"]
[EventCountry "ITA"]
[SourceTitle "EXT 2012"]
[Source "ChessBase"]
[SourceDate "2011.11.24"]
[SourceVersion "1"]
[SourceVersionDate "2011.11.24"]
[SourceQuality "1"]

1. d4 Nf6 2. c4 g6 3. Bf4 Bg7 4. e3 0-0 5. Bd3 b6 6. Nf3 Bb7 7. h3 d6 8. 0-0 Nbd7 9. Nbd2 c5 10. Re1 Re8 11. Qc2 e5 12. dxe5 dxe5 13. Bg3 e4 14. Nxe4 Bxe4 15. Rad1 Bxd3 16. Rxd3 Qe7 17. Bh4 Ne5 18. Nxe5 Qxe5 19. Bg3 Qf5 20. Red1 Rad8 21. Qe2 Rxd3 22. Rxd3 Nh5 23. Bh2 Nf4 24. Bxf4 Qxf4 25. Qd2 Qe5 26. Rd7 Qxb2 27. Qd5 Qf6 28. Rxa7 Qe6 29. Qf3 Qxc4 30. Qc6 Qe6 31. Qb7 c4 32. Ra6 Qc8 33. Qxb6 c3 34. a4 c2 0-1

[Event "Turin Piemonte op 9th"]
[Site "Turin"]
[Date "2009.09.18"]
[Round "1"]
[White "Nigrelli, Vittorio"]
[Black "Rombaldoni, Brian"]
[Result "0-1"]
[WhiteElo "1473"]
[BlackElo "1869"]
[PlyCount "52"]
[EventDate "2009.09.18"]
[EventType "swiss"]
[EventRounds "5"]
[EventCountry "ITA"]
[SourceTitle "EXT 2012"]
[Source "ChessBase"]
[SourceDate "2011.11.24"]
[SourceVersion "1"]
[SourceVersionDate "2011.11.24"]
[SourceQuality "1"]

1. d4 c6 2. e4 d5 3. Nc3 dxe4 4. Nxe4 Nd7 5. Nf3 Ngf6 6. Nxf6+ Nxf6 7. Bd3 Bg4 8. c3 Qd5 9. Be3 e6 10. h3 Bxf3 11. Qxf3 Qxf3 12. gxf3 0-0-0 13. 0-0-0 Be7 14. Bg5 Rd5 15. Bxf6 Bxf6 16. Rdg1 g6 17. h4 Rh5 18. f4 Rxh4 19. Rxh4 Bxh4 20. Rg2 h5 21. Kd2 Bf6 22. Ke2 Rd8 23. Be4 Kc7 24. Kf1 Be7 25. Rh2 c5 26. dxc5 Rd2 0-1